Statistics for Game of Thrones Deaths

Click here to take the quiz!

General Stats

  • This quiz has been taken 806 times
    (273 since last reset)
  • The average score is 81 of 153

Answer Stats

Series/Episode Manner of Death Character % Correct
1/7Killed by an infected boar wound from a huntRobert Baratheon
94%
1/10Smothered by Daenerys Targaryen in a mercy killingKhal Drogo
94%
1/9Beheaded by Ser Ilyn Payne for treasonNed Stark
91%
1/1Poisoned by Lysa Arryn and Lord BaelishJon Arryn
90%
1/6Receives a 'golden crown' from Khal DrogoViserys Targaryen
88%
4/2Drank poisoned wine at the Purple WeddingJoffrey Baratheon
87%
8/3Stabbed in the chest by The Night KingTheon Greyjoy
86%
6/10Throat slit by Arya Stark at The TwinsWalder Frey
84%
8/5''Cersei Lannister
84%
2/5Stabbed by a shadow with the face of Stannis BaratheonRenly Baratheon
84%
4/10Shot with a crossbow while on the toilet by Tyrion LannisterTywin Lannister
84%
8/6Stabbed through the heart by Jon SnowDaenerys Targaryen
84%
3/9Shot with multiple arrows, then stabbed by Roose Bolton at the Red WeddingRobb Stark
83%
8/3Multiple wight stab wounds while defending Daenerys TargaryenJorah Mormont
83%
4/8Skull crushed during a trial by combat with The MountainOberyn Martell
82%
8/5Fell from the Red Keep into the dragon fire belowSandor Clegane (The Hound)
82%
8/5''Gregor Clegane (The Mountain)
82%
8/5Crushed to death by bricks under the Red KeepJaime Lannister
82%
6/9Eaten alive by his own dogs while Sansa Stark watchedRamsay Bolton
82%
7/7Executed by Arya Stark for murder and treason on Sansa Stark's ordersPetyr Baelish (Littlefinger)
82%
4/9Shot with an arrow through the back by OllyYgritte
81%
8/3Stabbed in the chest with the Catspaw dagger by Arya StarkThe Night King
81%
5/10Executed by Brienne of TarthStannis Baratheon
81%
8/5Burned alive for betraying Daenerys TargaryenVarys
81%
4/10Strangled with her necklace by Tyrion LannisterShae
79%
6/9Shot with an arrow through the chest by Ramsay Bolton before the Battle of the BastardsRickon Stark
78%
6/10Committed suicide by jumping from a window of The Red KeepTommen Baratheon
78%
4/7Pushed through the Moon Door by Lord BaelishLysa Arryn
78%
3/9Throat slit by Black Walder at the Red WeddingCatelyn Stark
77%
8/3Disintegrates from old age after removing her amuletMelisandre
77%
7/3Drank poisoned wine provided by Jaime LannisterOlenna Tyrell
75%
6/10''Ser Loras Tyrell
75%
6/5Held the doorHodor
74%
5/10Poisoned with The Long Farewell, administered by a kiss from Ellaria SandMyrcella Baratheon
74%
8/4Beheaded by The MountainMissandei
74%
5/7Died of old age at Castle BlackMaester Aemon Targaryen
74%
6/2Stabbed in the chest by Ramsay Bolton after the birth of his sonRoose Bolton
73%
6/10''Margaery Tyrell
73%
6/3''Olly
73%
7/3Left to starve and watch the above die in the King's Landing dungeonsEllaria Sand
71%
6/10Died giving birth to Jon Snow in a flashbackLyanna Stark
71%
5/1Mercy killed with an arrow to the heart by Jon Snow before burning aliveMance Rayder
70%
5/9Burned at the stake as an offering to the Lord of LightShireen Baratheon
70%
8/5Head smashed against a wall by The MountainQyburn
69%
8/5Stabbed through the belly by Jaime LannisterEuron Greyjoy
69%
6/10Stabbed by Qyburn's little birdsGrand Maester Pycelle
68%
4/10Mercy killed by Meera having been stabbed by a wightJojen Reed
68%
7/6Killed by wights, allowing Jon Snow to escape on his horseBenjen Stark
68%
6/10Incinerated by Wildfyre in the Sept of BaelorThe High Sparrow
66%
6/2Thrown off a bridge by his brother Euron GreyjoyBalon Greyjoy
66%
6/4Stabbed in the neck after trying to seduce Ramsay BoltonOsha
66%
3/6Shot with a crossbow by Joffrey BaratheonRos
64%
6/10Stabbed by one of Qyburn's little birds, then incinerated by WildfyreLancel Lannister
64%
6/8Killed by Arya Stark in pitch darknessThe Waif
62%
7/3Poisoned with The Long Farewell by Cersei LannisterTyene Sand
62%
3/5Executed for defying Robb StarkRickard Karstark
62%
1/2Cut down by The HoundMycah
61%
4/1Stabbed through the throat by Arya Stark with NeedlePolliver
61%
7/6Mauled by a wight bear, then froze to death beyond The WallThoros of Myr
61%
1/8Killed by Ser Meryn Trant in a sword fightSyrio Forel
61%
5/10Stabbed multiple times, then throat slit, by Arya StarkSer Meryn Trant
60%
8/3Crushed to death by a wight giantLyanna Mormont
60%
1/10Stillborn as a result of blood magicRhaego
60%
6/8Killed defending Riverrun from the LannistersBrynden Tully (The Blackfish)
58%
3/4Killed by Night's Watch mutineer Karl TannerCraster
58%
3/4Stabbed by Night's Watch mutineer RastJeor Mormont
58%
6/3Hanged for treason by Jon SnowSer Alliser Thorne
58%
3/9Stabbed in the belly while pregnant at the Red WeddingTalisa Stark
58%
8/3Multiple wight stab wounds defending Arya Stark and The HoundBeric Dondarrion
57%
1/1Beheaded for desertion by Ned StarkWill
57%
2/10Mercy killed by Osha after being stabbed by DagmerMaester Luwin
57%
7/5''Dickon Tarly
57%
5/4Killed fighting the Sons of the Harpy in the streets of MeereenSer Barristan Selmy
57%
4/9Shot with an arrow through the neck by YgrittePyp
56%
6/6Stabbed by Jaime Lannister during a flashbackAerys Targaryen - The Mad King
56%
1/5Stabbed through the eye by Jaime LannisterJory Cassel
56%
7/2Stabbed with her own spear by Euron GreyjoyObara Sand
56%
5/3Beheaded for insubordination by Jon SnowJanos Slynt
55%
6/10''Kevan Lannister
55%
4/9Killed fighting the above in the TunnelGrenn
55%
8/3Stabbed in the back by a wight during the Battle of WinterfellEddison Tollett
53%
4/5Ripped apart by GhostRast
52%
4/5Impaled through the back of the head by Jon Snow at Craster's KeepKarl Tanner
52%
2/6Decapitated by Theon GreyjoyRodrik Cassel
52%
6/2Eaten alive by Ramsay Bolton's dogs, along with her newborn sonWalda Bolton
52%
7/5Burned alive by Drogon for not bending the knee to Daenerys TargaryenRandyll Tarly
51%
6/9Shot with multiple arrows, then killed with an arrow through the eye by Ramsay BoltonWun Wun
51%
6/10''Mace Tyrell
51%
2/10Stabbed in the chest by Jon Snow to gain the Wildlings' trustQhorin Halfhand
51%
2/10Locked in a Valyrian stone vault with the above for lying to Daenerys Targaryen and stealing her dragonsXaro Xhoan Daxos
49%
5/10Hanged herself after the death of her daughterSelyse Baratheon
49%
1/10Burned at the stake on Khal Drogo's funeral pyreMirri Maz Duur
49%
2/3Stabbed through the throat with Needle by PolliverLommy
49%
7/2Strangled with her own whip by Euron GreyjoyNymeria Sand
49%
6/1Stabbed in the chest by Ellaria SandDoran Martell
48%
4/5Neck snapped by Bran Stark warging as HodorLocke
45%
2/5Assassinated by Jaqen H'qhar as the first of Arya Stark's three killsThe Tickler
44%
5/10Thrown from the walls of Winterfell by Theon GreyjoyMyranda
43%
6/1Impaled through the back of the head by Obara SandTrystane Martell
43%
2/6Assassinated by Jaqen H'qhar as the second of Arya Stark's three killsSer Amory Lorch
43%
6/5Sliced apart by the Night KingThe Three-Eyed Raven
43%
6/3''Arthur Dayne
42%
6/10Butchered and cooked in a pie by Arya StarkBlack Walder Frey
42%
2/9Incinerated by Wildfyre during the Battle of the BlackwaterMatthos Seaworth
42%
2/3Killed by Ser Amory LorchYoren
40%
2/10Burned alive by Daenerys Targaryen's dragons in the House of the UndyingPyat Pree
39%
6/9Throat torn out and head stabbed by Tormund during the Battle of the BastardsSmalljon Umber
39%
2/10Locked in a Valyrian stone vault with the below for betraying Daenerys TargaryenDoreah
39%
3/2Offscreen death. Died from prolonged illnessHoster Tully
39%
6/5Committed suicide with an explosive to save Bran StarkLeaf
38%
8/1Killed by wights and pinned to a wall in a spiral of body partsNed Umber
38%
4/9Killed in the Tunnel by the below and five other Brothers of the Night's WatchMag the Mighty
36%
1/6Killed in a trial by combat by BronnVardis Egen
35%
3/4Burned alive by Drogon after providing Daenerys Targaryen with an army of UnsulliedKraznys
35%
5/8Beaten to death by Tormund at HardhomeLord of Bones
35%
6/4Burned alive along with the other Khals by Daenerys Targaryen in Vaes DothrakKhal Moro
34%
3/5''Martyn Lannister
34%
1/4Killed during a joust by The MountainSer Hugh of the Vale
32%
2/6Killed during the theft of Daenerys Targaryen's dragonsIrri
32%
2/1Suicide by poisoned wineMaester Cressen
31%
6/10''Lothar Frey
31%
4/3Shot with a crossbow by Lord Baelish's menSer Dontos Hollard
30%
1/8Killed by Lannister men after Ned Stark's arrestMordane
29%
6/8Throat slit by The WaifLady Crane
29%
4/2Eaten alive by Ramsay Bolton's dogsTansy
29%
6/1Stabbed in the back by Tyene SandAreo Hotah
26%
3/9Killed by Jon Snow after he abandons the WildlingsOrell
26%
2/7Strangled by Jaime Lannister's chainsAlton Lannister
25%
6/8Hanged along with two others by The Hound with the Brotherhood Without BannersLem Lemoncloak
25%
6/7Killed by rogue members of the Brotherhood Without BannersBrother Ray
23%
4/9Skull cracked with a hammer by Jon SnowStyr
23%
4/7Stabbed in the chest by Arya Stark after revealing his name to herRorge
23%
5/9Stabbed by a Son of the Harpy at the Great Games in MeereenHizdahr zo Loraq
22%
2/2Killed and decapitated by a rival khalasarRakharo
22%
1/9Murdered by Ser Jorah Mormont for trying to enter Khal Drogo's tentQotho
22%
6/3Killed by Ned Stark outside the Tower of Joy in one of Bran Stark's visionsGerold Hightower
21%
5/1Throat slit in a brothel by a Son of the HarpyWhite Rat
21%
6/3''Bowen Marsh
21%
3/8Beheaded by Daario Naharis so he could fight for Daenerys TargaryenMero
21%
8/5Impaled with a spear by Grey WormHarry Strickland
19%
5/8Mauled to death by wight childrenKarsi
18%
8/3Killed by wights while defending Bran Stark in the GodswoodAlys Karstark
18%
6/3''Othell Yarwyck
18%
1/8Killed in a fight with Khal DrogoMago
18%
7/1Mercy-killed by her father, an unnamed farmer, before killing himself rather than have them both starveSally
17%
2/7Killed during Jaime Lannister's escape from Stark imprisonmentTorrhen Karstark
16%
3/8''Prendahl na Ghezn
14%
3/5Murdered by Rickard Karstark and his men in the dungeons of RiverrunWillen Lannister
13%
5/2Executed by Daario Naharis on Daenerys Targaryen's orders for killing an imprisoned Son of the HarpyMossador
13%
6/9Throat slit by Grey Worm during surrender negotiations outside MeereenRazdal mo Eraz
12%
5/8Stabbed by a White Walker while Jon Snow attempted to recover the DragonglassLoboda
12%
8/3Killed by wights in the Dothraki chargeQhono
10%
4/1Stabbed in the genitals by The HoundLowell
8%

Score Distribution

Percentile by Number Answered

Percent of People with Each Score

Your Score History

You have not taken this quiz since the last reset